GUINNESS WORLD RECORDS 2020 / (Record no. 180410)

MARC details
000 -LEADER
fixed length control field 01224aam a2200337 i 4500
001 - CONTROL NUMBER
control field vtls000907417
003 - CONTROL NUMBER IDENTIFIER
control field PNM
005 - DATE AND TIME OF LATEST TRANSACTION
control field 20201208121431.0
008 - FIXED-LENGTH DATA ELEMENTS--GENERAL INFORMATION
fixed length control field 200709t20192019xxkao g 001 0 eng d
020 ## - INTERNATIONAL STANDARD BOOK NUMBER
International Standard Book Number 9781912286812
Qualifying information hardback
Terms of availability RM109.90
039 #9 - LEVEL OF BIBLIOGRAPHIC CONTROL AND CODING DETAIL [OBSOLETE]
Level of rules in bibliographic description 202007211105
Level of effort used to assign nonsubject heading access points irfah
Level of effort used to assign subject headings 202007090803
Level of effort used to assign classification hisyamuddin_m
040 ## - CATALOGING SOURCE
Original cataloging agency PNM
Language of cataloging eng
Transcribing agency PNM
Description conventions rda
Modifying agency PPAK
082 04 - DEWEY DECIMAL CLASSIFICATION NUMBER
Classification number 032.02
Edition number 23
090 00 - LOCALLY ASSIGNED LC-TYPE CALL NUMBER (OCLC); LOCAL CALL NUMBER (RLIN)
Classification number (OCLC) (R) ; Classification number, CALL (RLIN) (NR) 032.02
Feature heading GUI
Feature heading R
245 00 - TITLE STATEMENT
Title GUINNESS WORLD RECORDS 2020 /
246 33 - VARYING FORM OF TITLE
Title proper/short title World records 2020
264 #1 - PRODUCTION, PUBLICATION, DISTRIBUTION, MANUFACTURE, AND COPYRIGHT NOTICE
Place of production, publication, distribution, manufacture United Kingdom :
Name of producer, publisher, distributor, manufacturer Guinness World Record,
Date of production, publication, distribution, manufacture, or copyright notice [2019]
Date of production, publication, distribution, manufacture, or copyright notice ©2019
300 ## - PHYSICAL DESCRIPTION
Extent 255 pages :
Other physical details colour illustrations, colour photographs ;
Dimensions 30 cm
336 ## - CONTENT TYPE
Content type term text
Source rdacontent
Content type term still image
Source rdacontent
337 ## - MEDIA TYPE
Media type term unmediated
Source rdamedia
338 ## - CARRIER TYPE
Carrier type term volume
Source rdacarrier
500 ## - GENERAL NOTE
General note Includes index
505 ## - FORMATTED CONTENTS NOTE
Title Planet Earth --<br/>
-- Animals --<br/>
-- Humans --<br/>
-- Recordology --
-- Viral sports --<br/>
-- Spirit of adventure --<br/>
-- Society --
-- Robots --<br/>
-- Tech & engineering --
-- Arts & media --<br/>
-- Sports.
650 10 - SUBJECT ADDED ENTRY--TOPICAL TERM
Topical term or geographic name entry element Curiosities and wonders
Topical term or geographic name entry element World records
710 2# - ADDED ENTRY--CORPORATE NAME
Corporate name or jurisdiction name as entry element Guinness World Records Limited,
Relator term issuing body.
942 ## - ADDED ENTRY ELEMENTS (KOHA)
Source of classification or shelving scheme Dewey Decimal Classification
Koha item type Book
949 ## - LOCAL PROCESSING INFORMATION (OCLC)
6 1001346360
e 2672190
s 5700:20200922
Holdings
Withdrawn Not for loan Current library Shelving location Date acquired Full call number Barcode Date last seen Koha item type
  Not For Loan Perpustakaan Alor Setar Rujukan Dewasa 24/12/2020 R 032.02 GUI A01664507 24/12/2020 Book
  Not For Loan Perpustakaan Awam Sungai Petani Rujukan Dewasa 24/12/2020 R 032.02 GUI A01664508 24/12/2020 Book
  Not For Loan Perpustakaan Baling Rujukan Dewasa 24/12/2020 R 032.02 GUI A01664511 24/12/2020 Book
  Not For Loan Perpustakaan Kulim Rujukan Dewasa 24/12/2020 R 032.02 GUI A01664510 24/12/2020 Book
  Not For Loan Perpustakaan Langkawi Rujukan Dewasa 24/12/2020 R 032.02 GUI A01664509 24/12/2020 Book